000 01205nam a22002777a 4500
005 2012112003483.0
008 121120t xxu||||| |||| 00| 0 eng d
010 _aENG-106168
020 _a9781259006494
_c350.00
020 _a1259006492
_c350.00
035 _aEN-89701
037 _bDBAD/PUB
040 _aDPL
_bEng
082 _a005.133
100 1 _aBalagurusamy, E.
_953625
245 1 4 _aObject oriented programming using C++ and Java/
_cby E. Balagurusamy
260 _aNew Delhi
_bTata McGraw-Hill
_c2012
270 _a7 West Patel Nagar
_bNew Delhi
_e110008
300 _axiii,478p. :
_bill.
_c24cm(pbk)
650 _aJava (Computer program language)
_953635
650 _aObject-oriented programming (Computer science)
_953636
650 _aC++ (Computer program language)
_953637
942 _2ddc
_cEN
_h005.133
_mBAL
999 _c71486
_d71486